Enrichir son vocabulaire #8 - Statistiques

Statistiques générales
  • Ce quiz a été pris 31 fois
  • Le résultat moyen est 3 sur 10
Statistiques - réponses
Définition Réponse % Correct
N. m. Zèle ardent pour recruter des adeptes, pour tenter d'imposer ses idées. P{rosélytisme}
60%
N. m. Pluie fine que forment ou que projettent les vagues en déferlant. E{mbrun}
52%
N. m. Petite élévation de terre à sommet plat, et isolée ; monticule. T{ertre}
52%
N. 1. Personne qui cherche à en égaler, à en surpasser une autre dans les domaines intellectuel, artistique, sportif.2. Personne qui ressemble à une autre par son talent, son style, son œuvre, sa personnalité. É{mule}
40%
Adj. D'un brun chaud avec des reflets dorés. M{ordoré}
32%
N. m. Assemblée de personnes particulièrement compétentes dans leur domaine A{réopage}
24%
N. f. Manque de respect ; irrespect, impertinence. I{rrévérence}
24%
N. f. Répétition continuelle et lassante de quelque chose, refrain. A{ntienne}
20%
Adj. Qu'il est impossible de nommer ou de décrire, en raison de sa nature, de sa force, de sa beauté. I{neffable}
12%
N. m. Théorie d'après laquelle il n'y aurait pour le sujet pensant d'autre réalité que lui-même. S{olipsisme}
8%
Aucun quiz correspondant
Distribution des résultats
% des personnes avec chaque résultat
Percentile par nombre de réponses
Votre historique - résultats
Vous n’avez pas pris ce quiz